000 00577nam a2200193Ia 4500
008 120924t2007 xxu||||| |||| 00| 0 sin d
041 _asin
080 _a8-3 (Youth)
_bBLY
100 _aBlyton,Enid
245 _aවයලීන වික්‍රමය
246 _aWayalina Wikramaya
260 _aMalpiyali Publishers
_aDankotuwa
_c2007
300 _b130p, ill, 17 cm
500 _aSinhalese Translation of E.Blyton's of Puzzle For The Secret Seven
700 _aSiriwardhane,Kumara
_etr.
942 _cBK
999 _c43497
_d43497
003 LK-CoDNM
040 _aLK-CoDNM
_dLK-CoDNM
_eLK-CoDNM